| 000 | 01362cam a2200349 i 4500 | ||
|---|---|---|---|
| 001 | 21103 | ||
| 003 | Mx-PuUPA | ||
| 005 | 20250718084939.0 | ||
| 008 | 140415s2003 sp ad fr 000 0 spa d | ||
| 017 | _aM. 32544-2003 | ||
| 020 | _a9687081007 | ||
| 040 |
_aMx-PuUPA _bspa _cMx-PuUPA _dMx-PuUPA _erda |
||
| 041 | 1 |
_aspa _heng |
|
| 100 | 1 |
_aFox, Stuart Ira, _d1945- _98023 _eautor |
|
| 240 | 1 | 0 |
_aHuman physiology. _lEspañol |
| 245 | 1 | 0 |
_aFisiología humana / _cStuart Ira Fox ; traducción, José Luis Agud Aparicio, Santiago Madero García [y otros tres] |
| 250 | _aPrimera edición | ||
| 264 | 1 |
_aAravaca, Madrid : _bMcGraw-Hill/Interamericana de España, _c©2003 |
|
| 300 |
_axviii, 750 páginas : _bilustraciones, gráficas, diagramas, tablas (en color) ; _c28 cm |
||
| 336 |
_2rdacontent _atexto _btxt |
||
| 336 |
_2rdacontent _aimagen fija _bsti |
||
| 337 |
_2rdamedia _asin medio _bn |
||
| 338 |
_2rdacarrier _avolumen _bnc |
||
| 650 | 7 |
_2armarc _aFisiología humana |
|
| 700 | 1 |
_aAgud Aparicio, José Luis, _etraductor |
|
| 700 | 1 |
_aMadero García, Santiago, _etraductor |
|
| 765 | 0 |
_aFox, Stuart Ira, 1945- _bTercera edición _tHuman physiology. _z0070272352 |
|
| 942 |
_2ddc _cLI _h612 _iF795 |
||
| 999 |
_c21103 _d21103 |
||